| 000 | 00603nam a2200229 a 4500 | ||
|---|---|---|---|
| 001 | nice12345678 | ||
| 003 | IN_TiNIC | ||
| 005 | 20260116014326.0 | ||
| 008 | 080416s2005 kara grp 000 0 eng | ||
| 020 |
_a9694024935 _c695 |
||
| 082 | 0 | 0 |
_a915.5491 _bCAS |
| 100 | _aCasey, Ethan | ||
| 245 |
_aAlive and Well in Pakistan _b A Human Journey in a Dangerous Time |
||
| 260 |
_aKarachi _bVanguard Books _c2005 |
||
| 300 | _a280p | ||
| 500 | _aincludes index and biblioraphy | ||
| 650 | _aTravelogue-Pakistan | ||
| 700 | 1 | _aCasey, Ethan | |
| 902 | _bSRS | ||
| 942 | _cBK | ||
| 999 |
_c14822 _d14822 |
||